=LDR 00000nam 2200000 4500 =001 INLIS000000000045149 =005 20141227105554.0 =006 =007 =008 =020 ##$$a979-006-044-0 =035 ##$$0010-121400000000299 =082 ##$$a633.84 =100 ##$$aRAMA PRIHANDANA =245 ##$$aMERAUP UNTUNG DARI JARAK PAGAR =260 ##$$a JAKARTA $b AGROMEDIA $c 2007 =850 ##$$a NBPNMAT =990 ##$$a20902659 =990 ##$$a 0001/BPAP-NTB/20142015 =990 ##$$a 0001/BPAP-NTB/20142015